000 00756nam a2200289Ia 4500
005 20260324123035.0
008 008 260324s9999 xx 000 0 eng d
020 _a9780203156360
037 _aEBOOK
040 _aCRL
040 _beng
040 _cCRL
041 _2eng
041 _aeng
084 _qCRL
100 _aJohanna von Braun
_91168795
245 4 _aThe Domestic Politics of Negotiating International Trade
245 0 _bIntellectual Property Rights in US-Colombia and US-Peru Free Trade Agreements
260 _bTaylor and Francis
260 _c2012
365 _a
365 _b150
856 _uhttp://www.taylorfrancis.com/books/9780203156360
942 _cEBOOK
999 _c1761969
_d1761969